| 000 | 00440pab a2200169 454500 | ||
|---|---|---|---|
| 008 | 180718b1997 xxu||||| |||| 00| 0 eng d | ||
| 100 | _aChandra, Subhash | ||
| 245 | _aImplementation of just-in-time manufacturing system: an overview | ||
| 260 | _c1997 | ||
| 300 | _ap.313-21 | ||
| 362 | _aJul-Sep | ||
| 650 | _aManagement | ||
| 650 | _aManufacturing industry | ||
| 700 | _aKodali, Rambabu | ||
| 773 | _aProductivity | ||
| 909 | _a36713 | ||
| 999 |
_c36713 _d36713 |
||